000 00945nam a2200253 a 4500
001 BRCA_8380
005 20190320210245.0
008 071014s2014----gw-a######---#000-0#spa-#
020 _a9783631648742
020 _a9783653039030
041 _aspa
044 _agw
050 4 _aBT685.5
_b.I43 2014
245 1 0 _aImaginarios jacobeos entre Europa y América
_cJavier Gómez-Montero (ed.) ; coordinación adjunta a la edición Jimena Hernández Alcalá.
260 _aFráncfort del Meno
_bPeter Lang Edition
_c2014
300 _a319 p.
_bil. (algunas a color)
_c21 cm.
440 0 _aHispano-Americana
_pGeschichte, Sprache, Literatur
_v44
_920994
500 _aIncluye piezas de la colección Franz Mayer: p. 53-58
500 _a2do. ejemplar en el Área de Investigación
504 _aIncluye referencias bibliográficas
700 1 _aGómez-Montero, Javier
_eed.
_920995
700 1 _aHernández Alcalá, Jimena
_920996
942 _2lcc
_cB
999 _c8048
_d8048